Introducción a la sociología

Xehetasun bibliografikoak
Egile nagusia: Bottomore, T. B.
Formatua: Kit
Hizkuntza:Spanish
Edizioa:1a ed.
Saila:Península
Gaiak:

MARC

LEADER 00000cac a2200000 a 4500
001 90818
003 Ucuenca
005 20231212063159.0
008 000000|1967 sp |||||r|||||||||||spa||
040 |b spa 
041 1 |a spa 
082 0 |a 301 
100 1 |a Bottomore, T. B.  |9 44075 
245 |a Introducción a la sociología  |c T. B. Bottomore; trad. Jordi Solé-Tura  |h imp 
250 |a 1a ed. 
264 |a Barcelona  |b Gráficas Tossal  |c 1967 
300 |a 405 páginas:  |c 19 cm 
490 |a Península 
504 |a incl. ref. 
650 0 |a Estratificación social  |9 39612 
650 0 |a Estructura social  |9 23217 
650 0 |a Cambio social  |9 1169 
650 4 |a Sociología  |9 183 
852 |a UC-CDJBV  |f Compra  |l 1  |m General  |p 00000000  |r 2  |t 90818  |b 0  |d CDRC  |e CDRC  |g 301 PRIMER PISO  |z 0000-00-00 
942 |c CR  |2 ddc  |z luz.vázquez@ucuenca.edu.ec 
999 |c 23914  |d 23914